| 000 | 00921nab a2200253 4500 | ||
|---|---|---|---|
| 003 | BR-BrBNA | ||
| 005 | 20240926131402.0 | ||
| 008 | 240923b bl.||||| |||| 00| 0 por d | ||
| 040 |
_aBR-BrBNA _bpor |
||
| 072 | _aQ03 ; Q53 | ||
| 110 | _aTerranova Gráfica e Editora Jornalística Ltda., Palmas, TO (Brasil) | ||
| 245 |
_aBahia intensifica fiscalizações _bFiscalização |
||
| 500 | _a1 illus. | ||
| 650 | _aFISCALIZAÇÃO SANITÁRIA | ||
| 650 | _aINSPEÇÃO SANITÁRIA | ||
| 650 | _aFISCALIZAÇÃO VETERINÁRIA | ||
| 650 | _aINSPEÇÃO VETERINÁRIA | ||
| 650 | _aCONTAMINAÇÃO DE ALIMENTO | ||
| 650 | _aCONTROLE | ||
| 650 | _aHIGIENE DE ALIMENTO | ||
| 773 | 0 |
_04604 _9317178 _dPalmas - Tocantins Terranova Gráfica e Editora Jornalística Ltda 2005 _o2024-3802 _tCerrado Rural Agronegócios (Brazil) _x1980-2595 _gv. 2(7) p. 15; (Apr-May 2005) _wBR2024002717 |
|
| 942 | _cANA | ||
| 999 |
_c327778 _d327778 |
||